| 000 | 00870nam a2200337 a 4500 | ||
|---|---|---|---|
| 003 | AR-BaBNM | ||
| 005 | 20251128205916.0 | ||
| 008 | 082120s2002 ||||||||||||||000 | spa|| | ||
| 020 | _a950-9658-27-8 | ||
| 040 | _cAR-BaBNM | ||
| 100 | 1 | _aPizarro, Cristina | |
| 245 | 0 | 0 | _aTaller de juegos literarios |
| 250 | _a2ª ed. | ||
| 260 |
_aBuenos Aires _bActilibro _c1994 |
||
| 300 |
_a207 p. _bil. |
||
| 490 | 0 | _aDel taller | |
| 504 | _aBibliografía p. 201-202 | ||
| 650 | 4 | _aJUEGOS EDUCATIVOS | |
| 650 | 4 | _aLITERATURA INFANTIL | |
| 650 | 4 | _aNARRACION DE CUENTOS | |
| 650 | 4 | _aPOESIA | |
| 650 | 4 | _aOCIO | |
| 650 | 4 | _aEDUCACION MUSICAL | |
| 650 | 4 | _aDRAMATIZACION | |
| 653 | _aTALLERES EDUCATIVOS | ||
| 653 | _aEDUCACION PLASTICA | ||
| 653 | _aEXPRESION CORPORAL | ||
| 700 | 1 | _aRussomando de Camillón, Patricia | |
| 942 | _cBK | ||
| 998 | _cCARMEN | ||
| 999 |
_c13253 _d13253 |
||